Central Library OPAC University of Rajshahi
Normal view MARC view

Entry Topical Term

Number of records used in: 2

001 - CONTROL NUMBER

  • control field: 61

003 - CONTROL NUMBER IDENTIFIER

  • control field: BD-RjUL

005 - DATE AND TIME OF LATEST TRANSACTION

  • control field: 20211209051040.0

008 - FIXED-LENGTH DATA ELEMENTS

  • fixed length control field: 211209|| aca||aabn | a|a d

040 ## - CATALOGING SOURCE

  • Original cataloging agency: BD-RjUL
  • Transcribing agency: BD-RjUL

150 ## - HEADING--TOPICAL TERM

  • Topical term or geographic name entry element: Latin poetry
  • General subdivision: Works
  • Chronological subdivision: Ancient

670 ## - SOURCE DATA FOUND

  • Source citation: Work cat.: (BD-RjUL)26655: Lucretius Carus, Titus Engl. 81920, Lucretius Carus :, 1921 [reprinted 1931]